| 000 | 00000nam##2200000za#4500 |
| 001 | 9.518197 |
| 003 | CaOODSP |
| 005 | 20200327031551 |
| 007 | ta |
| 008 | 150406|1990||||xxc||||| f|0| 0 fre|d |
| 020 | |a0-660-55844-0 |
| 022 | |a0706-148X |
| 040 | |aCaOODSP|bfre |
| 041 | |aeng |
| 041 | |afre |
| 043 | |an-cn--- |
| 086 | 1 |aS52-2/203 |
| 110 | 1 |aCanada.|bSecrétariat d'État du Canada. |bBureau de la traduction. |
| 245 | 10|aVocabulaire des céramiques techniques / |cpar Françoise Parc et Gilles Gervais. |
| 260 | |aOttawa - Ontario : |bSecrétariat d'État du Canada. |c1990. |
| 300 | |a217p. : |c22 cm. |
| 490 | 1 |aBulletin de terminologie|x0706-148X|v203 |
| 500 | |a«Les termes retenus ne sont pas tous traités de la même façon: ils peuvent être subdivisés en trois catégories différentes: termes accompagnés d'une définition<(...] termes accompagnés d'un extrait de texte ou d'une remarque [...] termes pour lesquels seul l'équivalent est fourni.»--Pages ix-x. |
| 504 | |aBibliographie. |
| 520 | 3 |aBulletin de terminologie 203. Par Françoise Parc. Ce vocabulaire comprend environ 1 125 entrées. La nomenclature touche à tous les aspects des céramiques techniques, depuis le stade de l'élaboration du matériau, jusqu'à celui de ses multiples applications, en effleurant au passage quelques considérations d'ordre économique. Les céramiques techniques font partie d'une famille prestigieuse, celle des nouveaux matériaux. A ce titre, elles retiennent déjà l'attention de scientifiques, d'industriels et d'organismes gouvernementaux. |
| 546 | |aBilingue |
| 563 | |aCouverture souple |
| 590 | |a91-09|b1991-03-01 |
| 691 | 07|aTerminologie|2gcpds |
| 691 | 07|aCéramique|2gcpds |
| 720 | 1 |aParc, Françoise |
| 720 | 1 |aGervais, Gilles |
| 776 | 0#|tVocabulary of advanced ceramics / |w(CaOODSP)9.590503 |
| 791 | |tVocabulary of advanced ceramics / |eeng|w(CaOODSP)9.518196 |
| 830 | #0|aBulletin de terminologie,|x0706-148X|v203|w(CaOODSP)9.509599 |